000 00211nam a22000857a 4500
008 160912b xxu||||| |||| 00| 0 eng d
100 _9369
_aNCERT
245 _aEducational Technology
260 _aNew Delhi
_bNCERT
_c2006
999 _c3028
_d3028